Estudio de factibilidad técnico y económico para el uso múltiple de los recursos hidráulicos de la Cuenca del Marga-Marga y saneamiento integral de ella
Saved in:
| Institution som forfatter: | |
|---|---|
| Format: | Bog |
| Sprog: | spansk |
| Udgivet: |
Valparaíso
Empresa Municipal de Desagües
1974
|
| Fag: | |
| Tags: |
Tilføj Tag
Ingen Tags, Vær først til at tagge denne postø!
|
MARC
| LEADER | 00000nam a2200000 a 4500 | ||
|---|---|---|---|
| 001 | UCM7902 | ||
| 003 | CL-VaPUC | ||
| 008 | 030110e19740000CL |||||||||||||||||spa|d | ||
| 082 | 0 | 4 | |a 628.1 |b EMP |2 21 |
| 110 | 2 | |a Empresa Municipal de Desagües |e author |9 473689 | |
| 245 | 1 | 0 | |a Estudio de factibilidad técnico y económico para el uso múltiple de los recursos hidráulicos de la Cuenca del Marga-Marga y saneamiento integral de ella |
| 300 | |a 546 p | ||
| 942 | |c BK | ||
| 945 | |d 20030110 00:00:00 |a lriquelm | ||
| 260 | |a Valparaíso |b Empresa Municipal de Desagües |c 1974 | ||
| 500 | |a Incluye 7 planos | ||
| 650 | 0 | |a Recursos hídricos |9 346690 | |
| 650 | 0 | |a Cuencas hidrográficas |9 366259 | |
| 650 | 7 | |a INGENIERIA SANITARIA |2 CL-VaPUC |9 262866 | |
| 650 | 7 | |a CONTAMINACION |2 CL-VaPUC |9 258139 | |
| 650 | 0 | |a Saneamiento ambiental |9 311905 | |
| 650 | 7 | |a DESARROLLO AGRICOLA |2 CL-VaPUC |9 259759 | |
| 650 | 7 | |a POLITICA DE DESARROLLO |2 CL-VaPUC |9 335853 | |
| 650 | 0 | |a Protección del medio ambiente |9 257626 | |
| 650 | 7 | |a CONSERVACION |2 CL-VaPUC |9 259519 | |
| 650 | 7 | |a DESARROLLO SOCIOECONOMICO |2 CL-VaPUC |9 401753 | |
| 651 | 7 | |a CHILE |2 CL-VaPUC |9 473690 | |
| 651 | 0 | |a Región 05 |9 267528 | |
| 651 | 0 | |a Estero Marga Marga |9 473691 | |
| 583 | |a last modification |c 20030110 00:00:00 |k Rodrigo Vera | ||
| 999 | |c 302550 |d 302548 | ||
| 952 | |0 0 |1 0 |4 0 |6 628_100000000000000_EMP_1974 |7 0 |8 P |9 363213 |a BIBAGR |b BIBAGR |d 2019-11-21 |i 3874214 |o 628.1 EMP 1974 |p 3874214 |r 2025-01-20 |w 2019-11-21 |y BK |k AGR | ||